Slávnostne inaugurovali staronovú dekanku FZ PU docentku Annu Eliášovú

Bibliographic Details
Main Authors: Cuperová, Jana, 1970- (Author), Fedurcová, Ivana (Author)
Format: Article
Language:Slovak
PhysicalDescription:Fotogr.
Subjects:

MARC

LEADER 00000nab a2200000 a 4500
001 vtls008962534
003 SK-MaSNL
005 20260303070725.0
008 070410c200701 xo r p 000 00slo
038 |a SVKPOCL 
040 |a SVKPOCL  |b slo  |c AACR2  |e AACR2 
041 |a slo 
044 |a xo  |c SK 
080 |a 378.4.096:61(437.6)  |2 2001 
080 |a 929 Eliášová, Anna  |2 2001 
100 1 |a Cuperová, Jana,  |d 1970-  |4 aut  |9 188085 
245 1 0 |a Slávnostne inaugurovali staronovú dekanku FZ PU docentku Annu Eliášovú  |c Jana Bačišinová, Ivana Fedurcová 
300 |a Fotogr. 
600 1 7 |a Eliašová, Anna,  |d 1949-  |2 svkpocl  |9 19593 
610 2 7 |a Prešovská univerzita v Prešove.  |b Fakulta zdravotníctva  |2 svkpocl  |9 178024 
650 0 7 |a inaugurácia dekanky  |2 svkpocl  |9 1068529 
651 7 |a Prešov (Slovensko)  |2 svkpocl  |9 17347 
700 1 |a Fedurcová, Ivana  |4 aut  |9 428570 
773 0 |t Prešovská univerzita  |g Roč. XI, č. 1 (2007), s. 6 
852 |a SVKPO  |b KIS3GCP 
958 |a RG 
999 |c 1756662  |d 1758592